Team management : (Record no. 347594)
[ view plain ]
| 000 -LEADER | |
|---|---|
| fixed length control field | 01076 a2200193 4500 |
| 020 ## - INTERNATIONAL STANDARD BOOK NUMBER | |
| International Standard Book Number | 1852510331 (hardcover) |
| 020 ## - INTERNATIONAL STANDARD BOOK NUMBER | |
| International Standard Book Number | 9781852510336 (hardcover) |
| 090 ## - LOCALLY ASSIGNED LC-TYPE CALL NUMBER (OCLC); LOCAL CALL NUMBER (RLIN) | |
| -- | 5174 |
| -- | 5174 |
| 100 1# - MAIN ENTRY--PERSONAL NAME | |
| Personal name | Margerison, Charles. |
| 245 10 - TITLE STATEMENT | |
| Title | Team management : |
| Remainder of title | practical new approaches / |
| Statement of responsibility, etc. | Charles Margerison, Dick McCann. |
| 260 ## - PUBLICATION, DISTRIBUTION, ETC. | |
| Place of publication, distribution, etc. | [S.l.] : |
| Name of publisher, distributor, etc. | Mercury Business Books, |
| Date of publication, distribution, etc. | 1991. |
| 300 ## - PHYSICAL DESCRIPTION | |
| Extent | 190 p. |
| 490 1# - SERIES STATEMENT | |
| Series statement | Mercury business guides. |
| 520 ## - SUMMARY, ETC. | |
| Summary, etc. | This book offers advice on how to improve the management of teams. It explores ways in which individuals can assess their own talents and employ them fruitfully in teams. It also gives guidance on how teams can combine effectively, and suggests appropriate roles for managers in team building and team wielding. The book ends with a section devoted to the question of creating an infrastructure conducive to the successful operation of teams. |
| 700 1# - ADDED ENTRY--PERSONAL NAME | |
| Personal name | McCann, Dick. |
| 830 #0 - SERIES ADDED ENTRY--UNIFORM TITLE | |
| Uniform title | Mercury business guides. |
| 856 40 - ELECTRONIC LOCATION AND ACCESS | |
| Materials specified | Amazon.com |
| Uniform Resource Identifier | <a href="http://www.amazon.com/exec/obidos/ASIN/1852510331/chopaconline-20">http://www.amazon.com/exec/obidos/ASIN/1852510331/chopaconline-20</a> |
| 942 ## - ADDED ENTRY ELEMENTS (KOHA) | |
| Institution code [OBSOLETE] | NBS |
| Koha item type | Book |
| Call number prefix | 658 MAR |
| Withdrawn status | Lost status | Damaged status | Not for loan | Permanent Location | Current Location | Date acquired | Total Checkouts | Full call number | Barcode | Date last seen | Price effective from | Koha item type |
|---|---|---|---|---|---|---|---|---|---|---|---|---|
| Central Library (CL) | Central Library (CL) | 08/28/2013 | 658 MAR | NBSF-001 | 07/09/2014 | 08/28/2013 | Book |
